000 00390nam a2200145Ia 4500
008 150201s2002 xx 000 0 und d
082 _a617.601
_bE2002D
100 _aBLANAID ,DALY
245 _aESSENTIAL DENTAL PUBLIC HEALTH
250 _a1ST
260 _bOXFORD MEDICAL PUBLICATIONS
_aOXFORD
_c2002
300 _a1-353
650 _aPREVENTIVE AND COMMUNITY DENTISTRY
942 _2ddc
_cBK
999 _c4755
_d4755